000 00592nam a2200217Ia 4500
003 OSt
005 20220517152127.0
008 210719s2020 xx 000 0 und d
020 _a978-1-447-17486-8
040 _aAL
_c
041 _aeng
082 _a004.36 MAHC
100 _aMAHMOOD (Zaigham) Ed
_937660
245 _aCloud computing:methods and practical approaches
260 _aLondon
_bSpringer
_c2020
300 _axvii,347
_bHB
365 _b2495
_cRs
650 _aComputer Science
_937661
906 _aapproaches ; Cloud ; computing:methods ; practical
942 _2ddc
_cBK
999 _c211923
_d211923